<?xml version="1.0" encoding="UTF-8"?><?xml-stylesheet type="text/xsl" href="static/style.xsl"?><OAI-PMH xmlns="http://www.openarchives.org/OAI/2.0/" xmlns:xsi="http://www.w3.org/2001/XMLSchema-instance" xsi:schemaLocation="http://www.openarchives.org/OAI/2.0/ http://www.openarchives.org/OAI/2.0/OAI-PMH.xsd"><responseDate>2026-04-17T04:10:53Z</responseDate><request verb="GetRecord" identifier="oai:www.recercat.cat:10256/18678" metadataPrefix="marc">https://recercat.cat/oai/request</request><GetRecord><record><header><identifier>oai:recercat.cat:10256/18678</identifier><datestamp>2024-06-18T13:37:10Z</datestamp><setSpec>com_2072_452955</setSpec><setSpec>com_2072_2054</setSpec><setSpec>col_2072_452958</setSpec></header><metadata><record xmlns="http://www.loc.gov/MARC21/slim" xmlns:dcterms="http://purl.org/dc/terms/" xmlns:xsi="http://www.w3.org/2001/XMLSchema-instance" xmlns:doc="http://www.lyncode.com/xoai" xsi:schemaLocation="http://www.loc.gov/MARC21/slim http://www.loc.gov/standards/marcxml/schema/MARC21slim.xsd">
   <leader>00925njm 22002777a 4500</leader>
   <datafield ind2=" " ind1=" " tag="042">
      <subfield code="a">dc</subfield>
   </datafield>
   <datafield ind2=" " ind1=" " tag="720">
      <subfield code="a">Papas, Marion</subfield>
      <subfield code="e">author</subfield>
   </datafield>
   <datafield ind2=" " ind1=" " tag="720">
      <subfield code="a">Catalán, Jaime</subfield>
      <subfield code="e">author</subfield>
   </datafield>
   <datafield ind2=" " ind1=" " tag="720">
      <subfield code="a">Recuero, Sandra</subfield>
      <subfield code="e">author</subfield>
   </datafield>
   <datafield ind2=" " ind1=" " tag="720">
      <subfield code="a">Morrell, Jane Margaret</subfield>
      <subfield code="e">author</subfield>
   </datafield>
   <datafield ind2=" " ind1=" " tag="720">
      <subfield code="a">Yeste Oliveras, Marc</subfield>
      <subfield code="e">author</subfield>
   </datafield>
   <datafield ind2=" " ind1=" " tag="720">
      <subfield code="a">Miró, Jordi</subfield>
      <subfield code="e">author</subfield>
   </datafield>
   <datafield ind2=" " ind1=" " tag="260">
      <subfield code="c">2020-11-16</subfield>
   </datafield>
   <datafield ind2=" " ind1=" " tag="520">
      <subfield code="a">This study sought to determine whether single layer centrifugation (SLC) of fresh donkey semen with Equicoll has any impact on sperm quality parameters and on the modulation of endometrial reaction following semen deposition using an in vitro model. Seventeen ejaculates from five jackasses were obtained using an artificial vagina and diluted in a skim-milk extender. Samples were either selected through SLC (Equicoll) or non-treated (control). Two experiments were performed. The first one consisted of incubating selected or non-selected spermatozoa at 38 °C for 180 min. Integrity and lipid disorder of sperm plasma membrane, mitochondrial membrane potential, and intracellular levels of calcium and reactive oxygen species were evaluated at 0, 60, 120, and 180 min. In the second experiment, polymorphonuclear neutrophils (PMN) isolated from jennies blood were mixed with selected and unselected spermatozoa. Interaction between spermatozoa and PMN was evaluated after 0, 60, 120, and 180 min of co-incubation at 38 °C. SLC-selection increased the proportions of spermatozoa with an intact plasma membrane and low lipid disorder, of spermatozoa with high mitochondrial membrane potential and with high calcium levels, and of progressively motile spermatozoa. In addition, selection through SLC augmented the proportion of phagocytosed spermatozoa, which supported the modulating role of seminal plasma proteins on sperm-PMN interaction. In conclusion, SLC of fresh donkey semen increases the proportions of functionally intact and motile spermatozoa, and appears to remove the seminal plasma proteins that inhibit sperm-PMN binding</subfield>
   </datafield>
   <datafield ind2=" " ind1=" " tag="520">
      <subfield code="a">This research was supported by the Ministry of Science, Innovation and Universities, Spain (Grants:&#xd;
RYC-2014-15581 and AGL2017-88329-R), and the Regional Government of Catalonia (2017-SGR-1229). J.C. was&#xd;
funded by the National Agency for Research and Development (ANID), Ministry of Education, Chile (Scheme:&#xd;
Becas Chile Doctorado en el Extranjero, PFCHA; Grant: 2017/72180128)</subfield>
   </datafield>
   <datafield ind1="8" ind2=" " tag="024">
      <subfield code="a">http://hdl.handle.net/10256/18678</subfield>
   </datafield>
   <datafield tag="653" ind2=" " ind1=" ">
      <subfield code="a">Espermatozoides</subfield>
   </datafield>
   <datafield tag="653" ind2=" " ind1=" ">
      <subfield code="a">Ases -- Espermatozoides -- Investigació</subfield>
   </datafield>
   <datafield tag="653" ind2=" " ind1=" ">
      <subfield code="a">Spermatozoa</subfield>
   </datafield>
   <datafield tag="653" ind2=" " ind1=" ">
      <subfield code="a">Donkeys -- Spermatozoa -- Research</subfield>
   </datafield>
   <datafield tag="653" ind2=" " ind1=" ">
      <subfield code="a">Ases -- Espermatozoides -- Anàlisi</subfield>
   </datafield>
   <datafield tag="653" ind2=" " ind1=" ">
      <subfield code="a">Donkeys -- Spermatozoa -- Analysis</subfield>
   </datafield>
   <datafield ind2="0" ind1="0" tag="245">
      <subfield code="a">Single Layer Centrifugation improves the quality of fresh donkey semen and modifies their sperm ability to interact with polymorphonuclear neutrophils</subfield>
   </datafield>
</record></metadata></record></GetRecord></OAI-PMH>